000 00266nam a22001217a 4500
003 SGT
082 _a320
_bA57E
100 _aELUSIN, VERRIER
245 _aA PHILOSOPHY FOR NEFA
260 _b NAVANA PRINTING WORKS PT. LTD.
_c1957
300 _a296
942 _2ddc
_cBK
999 _c31942
_d31942